Introduction To Design Of Small Scale Embedded Systems (Record no. 316773)

MARC details
000 -LEADER
fixed length control field 00401nam a2200145Ia 4500
008 - FIXED-LENGTH DATA ELEMENTS--GENERAL INFORMATION
fixed length control field 230718s9999 xx 000 0 und d
041 ## - LANGUAGE CODE
Language code of text/sound track or separate title eng
082 ## - DEWEY DECIMAL CLASSIFICATION NUMBER
Classification number 005.12
Item number WIL
100 ## - MAIN ENTRY--PERSONAL NAME
Personal name Wilmshurst T.
9 (RLIN) 148861
245 ## - TITLE STATEMENT
Title Introduction To Design Of Small Scale Embedded Systems
260 ## - PUBLICATION, DISTRIBUTION, ETC. (IMPRINT)
Name of publisher, distributor, etc. Palgrave
365 ## - TRADE PRICE
Currency code Rs.
Price amount 595.00
700 ## - ADDED ENTRY--PERSONAL NAME
Personal name Wilmshurst T.
9 (RLIN) 148861
906 ## - LOCAL DATA ELEMENT F, LDF (RLIN)
d B:385203-Mar-2007
c IT
b 119
Holdings
Withdrawn status Lost status Damaged status Not for loan Home library Current library Date acquired Vendor Budget Code Cost, normal purchase price Bill number Total Checkouts Full call number Barcode Date last seen Discount Cost, replacement price Bill Date Koha item type Original Barcode
        Cummins College of Engineering for Women Pune Cummins College of Engineering for Women Pune 25/04/2007 Pritam Books IT 476.00 3852   005.12 CCEP-BK-27980 18/07/2023 119 595.00 03/03/2007 Books 027980